Train Amsterdam-Berlin - Statistics

General Stats
  • This quiz has been taken 192 times
  • The average score is 9 of 18
Answer Stats
# Station % Correct
0 Amsterdam
96%
16 Berlin Hbf
94%
12 Hannover
83%
17 Berlin Ostbahnhof
65%
13 Wolfsburg
59%
9 Osnabrück
55%
15 Berlin Spandau
51%
2 Amersfoort
48%
3 Apeldoorn
47%
6 Hengelo
47%
5 Almelo
46%
7 Bad Bentheim
42%
4 Deventer
42%
1 Hilversum
42%
14 Stendal
35%
11 Minden
33%
8 Rheine
32%
10 Bad Oeynhausen
16%
No matching quizzes found
Score Distribution
Percent of People with Each Score
Percentile by Number Answered
Your Score History
You have not taken this quiz